000 00617nam a2200169Ia 4500
008 090711s9999 xx 000 0 und d
082 _b68277
100 _aमंगेशकर गीता / बांदोडकर गौरी
245 _aभाबडी
260 _bबांदोडकर पब्लिहाऊस
_c1992
300 _a213
600 _aमंगेशकर गीता / बांदोडकर गौरी
630 _aभाबडी
700 _aमंगेशकर गीता / बांदोडकर गौरी
730 _aभाबडी
942 _cBOOK
999 _c303788
_d303788